000 01346nam2a2200325 4500
001 RU\NLR\bibl\61443
005 20250616091719.0
010 _a5-16-000072-0
_bИНФРА-М
010 _a5-7777-0066-7
_bВесь мир
035 _a(NLR Aleph) 000059944
090 _a326014
_c326014
100 _a19991201d1999 |||y0rusy50 ca
101 1 _arus
_ceng
102 _aRU
105 _aa |||||||||
200 1 _aВсемирная история с древнейших времен и до 1800 года
_fРед. Гарри Джадж
210 _d1999
_aБ. м.
215 _a[8],397,[2] с.
_cил.
461 0 _1001RU\NLR\bibl\63180
_12001#$aОксфордская иллюстрированная энциклопедия$vТ. 3
_9336088
_cМ.
_d1999
_fПер. с англ. Неподаев Ю.А. и др.
_nИНФРА-М
_o[В 9 т.
_tОксфордская иллюстрированная энциклопедия
_y5-16-000069-0
_vТ. 3
606 0 _aВсеобщая история
_jЭнциклопедии
_91324332
_3RU\NLR\auth\66234889
686 _aТ3(0)я20
702 1 _aДжадж
_bГ.
_gГарри
_4340
801 0 _aRU
_bNLR
_c19991201
_gPSBO
801 1 _aRU
_bNLR
_c19991201
852 _aNLR
_jС К-5/420
942 _cBOOK
980 _aNB